000 00858nam a2200217 i 4500
001 128395
003 ES-MaACL
005 20230906193249.0
007 t|
008 070510s1973 sp ||||1| spa d
080 _a616-006.6-091.8(084.4)
100 1 _aTakahashi, Masayoshi.
_9109099
245 1 0 _aAtlas en color de citología del cáncer /
_cTakahashi Masayoshi ; prólogo para la edición española y revisión por el Dr. Eduardo Vilaplana Vilaplana ; [traducción de la edit.
260 _aBarcelona :
_bEdit. Científico-Médica,
_c1973.
300 _aXI, 353 p. con 55 lám. col. :
_bil ;
_c31 cm.
650 1 4 _aCélulas cancerosas-
_vAtlas.
_910871
650 1 4 _aCáncer-
_xCitodiagnóstico-
_vAtlas.
_910717
700 1 _aVilaplana Vilaplana, Eduardo.
_9114791
700 0 _aColom Bragulat, Juan.
_939794
852 _aES-MaACL
_jC-47211
_bR.84967
999 _c128395
_d128395